00827cam a2200265 a 45000010009000000050017000090080041000260100017000670200046000840200034001300350023001640400025001870410008002120420014002200800011002340820011002451000007002561010008002632450056002715040050003279060045003779420012004229990017004349520110004511460844920180315085901.0061024s2007 maua 000 0 eng d a 2006284733 a0618607153 (Student ed. : spiral binding) a0618730605 (Instructor's ed.) a(OCoLC)ocm64414562 aOSCcOSCdBAKERdDLC aeng alccopycat a37 RAI a37 RAI1 a25 aEDU14aThe open handbook :cAnn Raimes, with Maria Jerskey aIncludes bibliographical references and index a7bcbcccopycatd2encipf20gy-gencatlg 2ddccBK c45150d45150 00102udc40708PËKGa002b002cPËKGd2018-03-15l0o37 RAIp002-3001681r2018-03-15w2018-03-15yBK